Normal view
MARC view
- Baecher, Gregory B.
Entry Personal Name
001 - CONTROL NUMBER
- control field: 13062
003 - CONTROL NUMBER IDENTIFIER
- control field: NUST
005 - DATE AND TIME OF LATEST TRANSACTION
- control field: 20190118110702.0
008 - FIXED-LENGTH DATA ELEMENTS
- fixed length control field: 190118|| aca||aabn | a|a d
040 ## - CATALOGING SOURCE
- Original cataloging agency: NUST
- Transcribing agency: NUST
100 ## - HEADING--PERSONAL NAME
- Personal name: Baecher, Gregory B.
670 ## - SOURCE DATA FOUND
- Source citation: Work cat.: (NUST)0: Hartford, Desmond N. D. 13060, Risk and Uncertainty in Dam Safety /, c2004.
